| 000 | 00505nam a22001817a 4500 | ||
|---|---|---|---|
| 003 | KOHA_MİRAKIL | ||
| 005 | 20251221141848.0 | ||
| 008 | 251221b tu ||||| |||| 00| 0 tur d | ||
| 020 | _a9786057244215 | ||
| 040 |
_aTR-AnABB _btur _cTR-AnABB |
||
| 041 | _atur | ||
| 082 |
_a658.409 _bYET 2023 |
||
| 245 | 1 | 0 | _aYetek yönetiminde dönüşüm / |
| 260 |
_aAnkara : _bCumhurbaşkanlığı İnsan Kaynakları, _c2023 |
||
| 300 |
_a158 sayfa ; _c21 cm |
||
| 650 | 0 | 4 | _aStajyer eğitimi |
| 942 |
_2ddc _cBK |
||
| 999 |
_c9844 _d9844 |
||
| 900 | _bGizem YORULMAZ | ||